[Event "Moscow Alekhine op"]
[Site "Moscow"]
[Date "1992.??.??"]
[Round "?"]
[White "Tseshkovsky, Vitaly"]
[Black "Dreev, Alexey"]
[Result "1-0"]
[WhiteElo "2510"]
[BlackElo "2590"]
[Annotator "Hansen,Cu"]
[PlyCount "105"]
[EventDate "1992.10.??"]
[EventType "swiss"]
[EventRounds "9"]
[EventCountry "RUS"]
[SourceTitle "CBM 033"]
[Source "ChessBase"]
[SourceDate "1993.04.01"]
[SourceVersion "1"]
[SourceVersionDate "1993.04.01"]
[SourceQuality "1"]

1. e4 e5 2. Nf3 Nc6 3. Bb5 Nge7 4. O-O g6 5. c3 Bg7 6. d4 exd4 7. cxd4 d5 8.
exd5 Nxd5 9. Re1+ Be6 10. Bg5 Qd6 11. Nbd2 (11. Nc3 Nxc3 (11... O-O 12. Qd2 a6
13. Ne4 Qb4 14. Bxc6 bxc6 15. Rac1 Rab8 16. b3 Rb6 17. Nc5 $16 {
Chandler-Wedberg Amsterdam 1984 (inf. 38/(439))}) 12. bxc3 O-O 13. Qd2 Rfe8 $10
{Thole,M-Mahmoud,Y Novi Sad OL 1990}) 11... O-O 12. Ne4 Qb4 13. Bxc6 bxc6 14.
Qc1 Rfe8 (14... Rab8 15. b3 Rfe8 16. Qxc6 Qb6 17. Qc1 Bg4 $44 {Wittmann,
W-Defize,A Debrecen EUtch 1992}) (14... Qb6 15. Bh6 Rfe8 16. Bxg7 Kxg7 17. Nc5
$14 {Jansa,V-Schwarzkopf,C Badenweiler Open 1990}) 15. h3 {><g4} (15. Bd2 Qb5
16. Ne5 Bf5 $13 {Gelfand,B-Dreev,A Moscow GMA 1990 (inf 47/398)}) (15. a3 Qb6
16. Qd2 f6 17. Nc5 Bg4 18. Bh4 $13 {Grunfeld,Y-D'Amore Haifa EU-chT 1989})
15... Rab8 16. b3 Bf5 17. Bd2 (17. Nc5 {/\Na6} Rxe1+ 18. Qxe1 Bxd4 19. Na6 Qb6
20. Nxd4 Qxa6 21. Nxf5 gxf5 $13) 17... Qf8 (17... Qb6 18. Nc5 $16 {ףb6}) 18.
Ng3 {><f5,><c6} Rxe1+ 19. Bxe1 Bd7 20. Ne5 Qe8 (20... Qd6 $2 21. Ne4 $16) 21.
Qc5 {/\22.Qxa7/22.Rc1} Bxe5 22. dxe5 Qxe5 23. Rd1 $44 Ra8 $6 (23... Re8 $5 24.
Qxa7 (24. Ba5 h5 25. Re1 Qb2 26. Rxe8+ Bxe8 $15) 24... h5 $132) 24. Ba5 Be8 $6
(24... h5 $5 25. Re1 Qd6 26. Qxd6 cxd6 27. Ne4 Re8 28. Nxd6 Rxe1+ 29. Bxe1 Kf8
$10) 25. Re1 Qd6 26. Qxd6 cxd6 27. Ne4 $16 Bd7 28. Nxd6 {צa8,קc6,><c5,><e5,
><f6} h5 29. h4 Be6 30. Re4 (30. f3 $5 {/\Kf2}) (30. Rc1 Ne7 {/\Bd5}) 30... Rb8
(30... Ne7 31. Rb4 $1 {/\Rb7}) 31. Rc4 Bd7 (31... Ne7 32. Rc5 Bd5 33. Bd2 {
/\Be3+Ra5}) 32. f3 Kf8 33. Kf2 Ke7 34. Ne4 f6 35. Bd2 {/\Ra4+Be3 קa7} Rb7 36.
Ra4 Rc7 37. Ra5 (37. Be3 Nxe3 (37... c5 $4 38. Rxa7 $18) 38. Kxe3 Bf5 $16)
37... Bc8 38. Be3 Nxe3 (38... a6 $16 39. Bc5+) 39. Kxe3 Bf5 40. Ng3 Be6 (40...
Bb1 41. Ne2 {/\g2-g4+Nc3//\Nd4}) 41. Ne4 Bf5 42. Nc5 Kd6 43. Kd4 Re7 {/\Re2-d2+
} 44. b4 {><c5} Bb1 (44... Re2 45. g3 (45. Rxa7 Rd2+ 46. Ke3 Rxg2 47. a4 Rh2
$13 48. a5 Rxh4 49. Rb7 Bc8 $1 $15) 45... Rg2 (45... Rd2+ 46. Ke3 Rg2 47. Kf4)
46. Rxa7 Rxg3 47. Rd7+ $1 Bxd7 48. Ne4+ Kc7 49. Nxg3 $18 {/\Ne4/a2-a4-a5}) 45.
a4 g5 (45... Re2 $2 46. Rxa7 {/\Rd7#}) 46. hxg5 fxg5 47. Ra6 {/\b4-b5} Rc7 48.
b5 h4 49. a5 $1 $18 {/\b5-b6} Bf5 50. b6 axb6 51. axb6 Rc8 52. b7 Rb8 53. Ra8
1-0

[Event "EU-Cup 01st final"]
[Site "Solingen"]
[Date "1976.05.09"]
[Round "4.2"]
[White "Palatnik, Semon"]
[Black "Lehmann, Heinz"]
[Result "1-0"]
[WhiteElo "2480"]
[BlackElo "2385"]
[Annotator "Hecht,H"]
[PlyCount "127"]
[EventDate "1976.05.08"]
[EventType "team-match"]
[EventRounds "3"]
[EventCountry "GER"]
[SourceTitle "MCD"]
[Source "ChessBase"]
[SourceDate "1999.07.01"]
[SourceVersion "1"]
[SourceVersionDate "1999.07.01"]
[SourceQuality "1"]
[WhiteTeam "Burevestnik"]
[BlackTeam "Solingen SG"]
[WhiteTeamCountry "URS"]
[BlackTeamCountry "GER"]

{Der inzwischen auf die schwarzen Steine spezialisierte Dr. Lehmann setzte
seine Unglücksserie im Europapokal fort. Wieder unterliefen ihm im
Schlußabschnitt Ungenauigkeiten und schließlich entscheidende Fehler.} 1. e4 e5
2. Nf3 Nc6 3. Bb5 Nge7 4. O-O g6 5. c3 Bg7 6. d4 exd4 7. cxd4 d5 8. exd5 Nxd5
9. Bg5 Qd6 10. Re1+ Be6 11. Nc3 O-O 12. Qd2 Nxc3 13. bxc3 Bd5 14. Bf4 Qd8 15.
Qe2 a6 16. Bd3 Qd7 17. Bc4 Rfe8 18. Qd3 Ne7 19. Ne5 Qe6 20. Bb3 b5 21. c4 bxc4
22. Nxc4 Qg4 23. Qg3 Qxg3 24. hxg3 Nf5 25. Nb6 cxb6 26. Bxd5 Rad8 27. Rxe8+
Rxe8 28. Rc1 Bxd4 29. Rc7 Re7 30. g4 {[#]} Re1+ 31. Kh2 Ne7 32. Bb7 {Statt} Be5
({sollte er} 32... a5 {ziehen,}) 33. Bxe5 Rxe5 34. Bxa6 Nd5 35. Rb7 h5 36. gxh5
Rxh5+ 37. Kg1 {und statt} Re5 ({war mit} 37... Rh4 {(drohend Ta4)} 38. Bb5 Nc3
39. Be8 Kf8 40. Bxf7 Rh7 $1 {noch ein leichtes Remis möglich. Die Drohung a5
von Weiß übersah Dr. Lehmann vollständig, obwohl die Zeitnot gerade vorüber
war, sonst hätte er das auf die Dauer allerdings auch chancenlose Sf4 oder Sc3
noch versuchen können. Die Hängestellung war technisch klar verloren. Schade!})
38. Bc4 g5 39. a4 Rf5 40. g4 Re5 41. Kf1 Kf8 42. a5 bxa5 43. Rb5 Re4 44. Bxd5
Rxg4 45. Rxa5 Rf4 46. Bb3 Rb4 47. Bc2 Rb2 48. Bd3 Rd2 49. Be2 f6 50. Ra7 Rd4
51. Bh5 Rh4 52. Bg6 Kg8 53. Kg2 Rd4 54. Kg3 Rh4 55. f3 Rh1 56. Be4 Rh4 57. Bd5+
Kh8 58. Rf7 Rd4 59. Be4 Rd6 60. Kg4 Kg8 61. Ra7 Kf8 62. Kf5 Rb6 63. Kg6 Ke8 64.
Bf5 1-0

[Event "Hessen-ch"]
[Site "Bruchkoebel"]
[Date "2002.03.26"]
[Round "6"]
[White "Kersten, Uwe"]
[Black "Solonar, Stefan"]
[Result "0-1"]
[WhiteElo "2301"]
[BlackElo "2326"]
[Annotator "Hoehne,V/Loukas,T"]
[PlyCount "74"]
[EventDate "2002.03.22"]
[EventType "tourn"]
[EventRounds "11"]
[EventCountry "GER"]
[EventCategory "1"]
[SourceTitle "EXT 2003"]
[Source "ChessBase"]
[SourceDate "2002.11.25"]
[SourceVersion "1"]
[SourceVersionDate "2002.11.25"]
[SourceQuality "1"]

1. e4 e5 2. Nf3 Nc6 3. Bb5 g6 4. O-O Bg7 5. c3 Nf6 6. d4 exd4 7. cxd4 Nxe4 $5 (
7... O-O 8. Nc3 d6 9. h3 Bd7 10. Bg5 a6 11. Bc4 Qc8 12. e5 dxe5 13. dxe5 Nh5
14. Re1 Be6 15. Bxe6 Qxe6 16. g4 h6 17. Bd2 Rae8 18. Kg2 g5 19. gxh5 g4 20. Ng1
Nxe5 21. hxg4 Qc6+ 22. Kh2 Nd3 23. Rxe8 Rxe8 24. Qf3 Be5+ 25. Kg2 Qxf3+ 26.
Nxf3 Bg7 27. Rb1 b5 28. b3 c6 29. Nd1 c5 30. Ne3 Kh7 31. Nf5 Re2 32. Be3 Rxa2
33. Nxg7 Kxg7 34. Rd1 Nb4 35. Bxc5 Nc6 36. Nd4 Ne5 37. Nf5+ Kh7 38. Kg3 Rb2 39.
b4 Rb3+ 40. Ne3 Nc4 41. Rd7 Ne5 42. Re7 Nd3 43. Rxf7+ Kg8 44. Rf8+ Kh7 45. Bd4
{1-0 Melliz,A-Guzman,C/Santiago 1992/EXT 2002 (45).}) 8. d5 Nd6 $4 9. Bd3 $2 (
9. dxc6 $1 Nxb5 10. Qe2+ Qe7 11. Qxb5 $18) 9... Nb4 $4 10. Nc3 $2 (10. Qe1+ Kf8
11. Qxb4 $18) 10... Nxd3 11. Qxd3 O-O 12. Re1 b6 13. Bf4 Bb7 14. Be5 Rc8 15.
Re2 Bxe5 16. Nxe5 c6 $5 17. Rd1 (17. dxc6 dxc6 18. Rd1 Nf5 19. Nd7 c5 20. Qh3
$1 (20. Nxf8 $143 Qxd3 21. Rxd3 Ba6 22. Rh3 Bxe2 23. Nxh7 Nd4 24. Nf6+ Kg7 25.
Nce4 Rh8 $8 26. Rxh8 Kxh8 $11) 20... Nd4 21. Re3 Qg5 22. Nxf8 (22. f4 Qxf4 $2
23. Rf1 Nf3+ 24. Rexf3 Bxf3 25. Rxf3 Qd4+ 26. Rf2 f5 27. Nxf8 Rxf8 28. Qf3 $18)
22... Rxf8 23. Rg3 Qd8 24. Rgd3 Qg5 $44) 17... Nf5 18. Qb1 $6 (18. dxc6 Bxc6
19. Nxd7 Bxd7 20. Qxd7 Qxd7 21. Rxd7 Rfd8 22. Red2 Rxd7 23. Rxd7 a6 $14) 18...
cxd5 19. Nf3 d4 20. Nxd4 Nxd4 21. Rxd4 Qg5 22. f4 Qc5 23. Qd1 Rfe8 24. Rf2 Re1+
25. Qxe1 Qxd4 26. f5 Kf8 27. Qd2 $6 (27. Qc1 $142) 27... Qxd2 28. Rxd2 Bc6 29.
f6 Re8 $17 30. b4 b5 31. a4 a6 32. axb5 axb5 33. g4 Re3 (33... h6 $142) 34. Rc2
(34. Ne2) 34... h6 35. Nxb5 $2 $138 Bxb5 36. Kf2 Re6 37. Rc5 Rxf6+ 0-1

[Event "Madrid Magistral 6th"]
[Site "Madrid"]
[Date "1997.05.22"]
[Round "2"]
[White "Illescas Cordoba, Miguel"]
[Black "Salov, Valery"]
[Result "1/2-1/2"]
[WhiteElo "2635"]
[BlackElo "2665"]
[Annotator "Illescas Cordoba,M"]
[PlyCount "129"]
[EventDate "1997.06.??"]
[EventType "tourn"]
[EventRounds "9"]
[EventCountry "ESP"]
[EventCategory "17"]
[SourceTitle "CBM 059"]
[Source "ChessBase"]
[SourceDate "1997.08.01"]
[SourceVersion "1"]
[SourceVersionDate "1997.08.01"]
[SourceQuality "1"]

1. e4 {Cifuentes} e5 2. Nf3 Nc6 3. Bb5 g6 4. d4 exd4 5. Bg5 Be7 6. Bxe7 Qxe7 7.
Bxc6 dxc6 8. Qxd4 Nf6 9. Nc3 Bg4 10. Nd2 $1 c5 11. Qe3 (11. Qd3 Bd7 $1) 11...
O-O-O 12. h3 $1 {This is the correct plan. The idea is to continue f4 and Nf3
whereby the knight located at d2 reaches an optimal position. This would not
succed after f2-f3.} Be6 13. O-O-O Nd7 {With ideas like Nb8-c6-d4 or f6 and Bf7
} 14. f4 $1 $146 f6 {After 14..,f5 15.exf5 gxf5, both 16.Rhe1 ang 16.g4 would
give White a minimal advantage.} 15. Nf3 $14 Rhe8 {Better was 15..Nb6
intending to exchange rooks immediately.} (15... Nb6 $142) 16. Rhe1 $1 Nb6 17.
Rxd8+ Rxd8 18. f5 $1 Bg8 (18... Bf7 19. Qh6 Be8 20. g4 $14) 19. Qh6 (19. fxg6 {
Cifuentes} hxg6 20. e5 {gives White only a very modest initiative.}) 19... Qf8
{The only move to keep the equilibrium. Neither 19..,g5? 20.e5!, nor 19..,gxf5
20.exf5 Qd6 21.a3! would achieve this.} (19... gxf5 20. exf5 Qd6 21. Rd1 Qe7
22. Rxd8+ Qxd8 23. Qe3 $14) 20. Qxf8 Rxf8 21. g4 gxf5 (21... Re8 $5 {Cifuentes
came into consideration.}) 22. gxf5 $1 (22. exf5 Nd5 $132) 22... Bf7 23. Rg1
Bh5 $2 (23... Rg8 $142 24. Rxg8+ Bxg8 25. b3 c4 (25... Nd7 {Cifuentes} 26. Kd2
c6 27. Ke3 Kc7 28. Kf4 Kd6 29. Nd1 c4 30. Nf2 $1 (30. Ne3 cxb3 31. cxb3 a5 32.
Ng4 a4 33. bxa4 Bxa2 34. Nxf6 $1 Nxf6 35. e5+ Ke7 36. exf6+ Kxf6 37. Ng5 h6 $2
(37... b6 $1 38. Nxh7+ Kg7 39. Ng5 Bb3 40. Ke5 Bxa4 41. f6+ Kf8 42. h4 Bd1 $1
$11) 38. Ne4+ Ke7 39. a5 $1 $18) 30... h5 31. e5+ $1 fxe5+ 32. Nxe5 Nxe5 33.
Ne4+ $14) 26. Kd2 cxb3 27. cxb3 $1) 24. Ne1 $1 {/\Ne1-d3-f4} c6 25. Nd3 (25.
Rg7 $5) 25... Nd7 26. Rg7 Rf7 27. Rg8+ Kc7 (27... Rf8 28. Rxf8+ Nxf8 29. Nxc5
$16) 28. Nf4 Bf3 {[#]} 29. Ne6+ $6 (29. Kd2 $16 b5 30. Ke3 Ne5 31. Rg1 Rd7 32.
Rf1 b4 33. Na4 Bd1 34. Ne6+ Kb8 35. Naxc5 $18) 29... Kd6 30. Nd8 Re7 31. Nxb7+
Ke5 32. Rd8 $2 (32. Nd8 Bxe4 33. Nxe4 Kxe4 34. Nxc6 Rf7 35. Nxa7 Kxf5 36. Nb5
Re7 37. a4 $16) 32... Kf4 $132 (32... Bxe4 $4 {Cifuentes} 33. Nxe4 Kxe4 34.
Rxd7 $1 $18) 33. Nd6 h5 $1 {קh3} 34. Rg8 $1 Ne5 35. Ne8 Rf7 36. Ng7 c4 $138
37. Ne6+ $138 Ke3 38. h4 Bxe4 39. Nxe4 Kxe4 40. Ng7 $11 Kf4 (40... c3 $5 41. b3
$5 Rd7 42. Nxh5 Kxf5 43. Ng3+ Kf4 44. Ne2+ $14) 41. Nxh5+ Kxf5 42. Kd2 $11 Rh7
43. Ng3+ Kf4 44. h5 Kf3 45. Kc3 c5 $1 46. a3 (46. Nf1 $2 Rxh5 47. Nd2+ Kf4 48.
Nxc4 $2 Rh3+ $19) 46... a6 (46... Ng4 47. Ne4 $1 Rxh5 48. Rxg4 f5 49. Nf6 $1
Rh6 50. Ng8 fxg4 51. Nxh6 g3 52. Nf5 $18) 47. b4 cxb3 48. Kxb3 $1 (48. cxb3 a5
49. a4 c4 50. bxc4 Rc7 $15) 48... Rb7+ 49. Kc3 Rh7 50. Kb3 Ng4 (50... Kf4 51.
Ne2+ Ke3 52. Ng3 Kf3 53. Kc3 $11) 51. Ne4 $1 Kxe4 (51... Rxh5 $2 52. Rxg4 f5 (
52... Rh3 53. Nxf6 $18) 53. Rg5 $8 (53. Nf6 Rh6 54. Ng8 Rb6+ $1 $19) 53... Rh3
54. Nc3 $1 $18) 52. Rxg4+ Kf5 53. Rc4 Kg5 54. Rxc5+ f5 55. c4 Rxh5 $11 56. Kb4
Kg4 57. a4 (57. Rc6 $6 f4 58. Rxa6 f3) 57... Rh6 58. Rc8 f4 59. c5 f3 60. c6 f2
61. Rf8 Kg3 62. Kc5 Rh1 63. Kb6 f1=Q 64. Rxf1 Rxf1 65. Kxa6 1/2-1/2

[Event "EU-ch 13th"]
[Site "Plovdiv"]
[Date "2012.03.29"]
[Round "9"]
[White "Inarkiev, Ernesto"]
[Black "Sokolov, Ivan"]
[Result "1-0"]
[WhiteElo "2695"]
[BlackElo "2657"]
[Annotator "Inarkiev,E"]
[PlyCount "75"]
[EventDate "2012.03.20"]
[EventType "swiss"]
[EventRounds "11"]
[EventCountry "BUL"]
[SourceTitle "CBM 148"]
[Source "ChessBase"]
[SourceDate "2012.05.16"]
[SourceVersion "1"]
[SourceVersionDate "2012.05.16"]
[SourceQuality "1"]

{This is the game from the 9th round. We both had +4, and from the previous
European Championships I knew that to qualify to the World Cup and to fight
for the medals, you needed to win at least one more game.} 1. e4 e5 2. Nf3 Nc6
3. Bb5 {I was more or less sure of these 3 moves, but I had no idea what Ivan
would play next. It's amazing, how many different lines Sokolov can play in
the Ruy Lopez.} Nge7 4. Nc3 ({A more popular move is} 4. O-O) 4... d6 {(/\ ...
a6, ...b5, ...Na5).} 5. d4 a6 {Now we come to less explored territory.} ({
More games have been played with the "favourite" Steinitz move} 5... Bd7 {
but according to database, even the 1st World Champion had bad results in this
line.}) 6. Be2 ({Another option is} 6. Bc4 Nxd4 7. Nxd4 exd4 8. Qxd4 Nc6 9. Qe3
g6 10. Nd5 Bg7 11. Qg3 Nd4 12. Bd3 c6 13. Bg5 f6 14. Be3 Nxc2+ 15. Bxc2 cxd5
16. O-O dxe4 17. Bxe4 d5 18. Bxg6+ $1 hxg6 19. Qxg6+ Kf8 20. Bc5+ Kg8 21. Rfe1
Bd7 22. Re7 $18 {...1-0 Kovacevic Aleksandar (SRB) (2582)-Sokolov Ivan (NED) 
(2641)/Vrnjacka Banja (Serbia) 2010 (30)}) 6... Nxd4 {Otherwise, d4-d5 is
quite unpleasant.} 7. Nxd4 exd4 8. Qxd4 Nc6 9. Qd3 {I think, this is the most
natural square for the queen.} g6 10. h4 $1 $146 {White controls the centre,
and leads in development, so the flank action is absolutely justified.} ({
Black was more or less OK after the slow} 10. Be3 Bg7 11. O-O (11. h4 $5) 11...
O-O 12. f4 f5 (12... Re8 $5) 13. Bf3 $14 Kh8 14. Qd2 Be6 15. exf5 {1/2 Palac
Mladen (CRO) (2591)-Stevic Hrvoje (CRO) (2621)/Marija Bistrica (Croatia) 2011})
10... Bg7 {A natural move, but anyway Black is already under pressure.} (10...
h6 {looks more flexible, but White has the energetic} 11. Nd5 Bg7 12. Bd2 $1
Bxb2 {The critical option, otherwise White is clearly better.} (12... Be6 13.
Bc3 $14) 13. Rb1 $1 Bg7 14. Bc3 {and all White's pieces are already in action,
that's why it's very hard for Black to finish his development.} O-O (14... Ne5
15. Qg3 O-O 16. f4 Nd7 17. Bxg7 Kxg7 18. h5 c6 19. hxg6 fxg6 20. f5 Ne5 (20...
g5 21. Qxd6 $18 Nf6 22. Qxd8 Rxd8 23. Nxf6 Kxf6 24. Rxh6+ Ke5 25. Bd3 $18) 21.
Nf4 Qg5 22. Rxb7+ $1 $16) 15. f4 $16 h5 $6 16. g4 Bxg4 17. Bxg4 hxg4 18. Bxg7
Kxg7 19. Qc3+ f6 20. Rxb7 $18) ({Probably, the best choice would be} 10... Nb4
$5 {in order to mess things up a bit and prevent White from quick mobilisation.
} 11. Qd1 Bg7 {But, here also White has a comfortable edge} 12. a3 Nc6 ({or} 
12... Bxc3+ 13. bxc3 Nc6 14. Bg5 $14 f6 15. Bh6) 13. Nd5 $14) 11. Bg5 {If you
can, then you should close in the bishop on g7.} f6 12. Be3 ({Of course not} 
12. Bd2 $2 Nb4 $19) 12... Be6 $1 {Black shows flexibility: short castling is
dangerous, so Black prepares to castle long.} ({Bad is} 12... O-O $2 {is bad:}
13. Qd5+ $1 (13. h5 $5 $16 {is good enough} {and if} g5 {then} 14. h6 Bh8 15.
Qd5+ Rf7 16. Bh5 $18) 13... Rf7 ({or} 13... Kh8 14. h5 $18) 14. Bc4 Ne5 15. Bb3
$18 {(/\f2-f4).}) 13. Nd5 {If Black doesn't want to castle short, then White
can wait with h4-h5. White wants to castle long, but first suppresses any of
Black's ideas with ...Nb4.} Qd7 (13... O-O {is not so bad here, but White is
clearly first after} 14. O-O-O Qd7 15. h5 $16) 14. O-O-O {Now is very
difficult moment for Black, Whitehas finished his development and is ready to
start the fight, Black must be very accurate to avoid an immediate defeat.} f5
({Still,} 14... O-O {is bad:} 15. h5 $16) ({During the game, I thought, that} 
14... O-O-O {was very dangerous} {because of} 15. Qa3 {(/\Ba6).} (15. h5 $1 {
is stronger:} f5 {see the notes to 15...Ne5.}) {but somehow, Black can hold
after the only} 15... Qf7 $1 (15... Nb8 16. h5 $16) (15... Kb8 $2 16. Bxa6 bxa6
17. Qxa6 $18) {Now the combination doesn't give any advantage to White. Of
course, White can continue to play normally, but then there's no point in 15.
Qa3.} 16. Bxa6 $6 bxa6 17. Qxa6+ Kd7 18. Qb7 (18. Nxc7 Kxc7 19. Qb6+ Kd7 20.
Qb7+ Ke8 21. Qxc6+ Bd7 $13) 18... Bxd5 19. exd5 Ne5 20. f4 Rb8 21. fxe5 Rxb7
22. e6+ Qxe6 23. dxe6+ Kxe6 $13) 15. h5 {Here, I wanted very much to keep the
black king in the centre but there's no way to do it.} (15. Bg5 $2 {doesn't
work because of} O-O $1 16. h5 h6 $1 $13) 15... Ne5 $6 {It's always hard to
choose between bad positions, but after this move White gets a big advantage.}
({On} 15... fxe4 16. Qxe4 O-O-O {I was planning} 17. hxg6 Bf5 18. Qa4 hxg6 {
and here} 19. Bxa6 $1 bxa6 20. Qxa6+ Kb8 {White has a very strong attack, and
not just one way; but still, it requires very accurate play.} {For example:}
21. Rhe1 Rde8 ({A nice variation can occur after} 21... Rh4 22. f4 $5 {(/\Bf2,
Re3; /\Nb4).} (22. Ne7 {is strong enough:} Qxe7 23. Ba7+ $18) {and if here}
22... Re8 {then White has a spectacular mating combination} 23. Nb4 $1 Be4 24.
Rd5 $1 Bxd5 25. Nxc6+ Qxc6 26. Ba7+ Ka8 27. Bb6+ Kb8 28. Rxe8+ Qxe8 29. Qa7+
Kc8 30. Qxc7#) 22. f3 $1 {(/\g4, Rd3; /\Nb4) and Black has no adequate defence.
} (22. Nb4 $2 {is premature:} Be4 $13) 22... Bd4 ({or} 22... g5 23. Nb4 $18)
23. Bxd4 Rxe1 24. Qb5+ Kc8 25. Rxe1 Nxd4 26. Qc4 Qg7 (26... Nc6 27. Qa6+ Kb8
28. Re3 $18) 27. c3 Ne6 28. g4 $18) ({The computer suggests} 15... O-O {
as the best choice, but it's not only hard to put the king under attack from
the human point of view, but also it can't be good objectively.} {For example:}
16. hxg6 hxg6 17. Bg5 Rae8 18. Qh3 Kf7 19. Qg3 $1 {(/\Nf4; /\Rh7).} Bxd5 20.
Rxd5 Rxe4 21. Qb3 $1 Re6 22. g4 $1 Ne7 23. gxf5 Nxf5 24. Rxf5+ $1 gxf5 25. Qd5
$1 $16 {(/\Qf5).} Ke8 26. Bh5+ Rf7 27. Qxb7) ({During the game, I thought that
the main move would be} 15... O-O-O $5 {and I still think, this is the best
try.} 16. h6 $1 (16. exf5 Bxf5 (16... gxf5 17. h6 $16) 17. Qa3 {(/\Ba6). could
be dangerous,} {but Black has a defence} Ne7 $1 $13) 16... fxe4 (16... Bf8 {
is worse:} 17. Qc3 Be7 18. Bxa6 bxa6 19. Qxc6 Qxc6 20. Nxe7+ Kb7 21. Nxc6 Kxc6
$16) 17. Qxe4 Be5 (17... Bf8 18. Rhe1 $14) 18. f4 Bxd5 19. Qxd5 Bf6 20. Bf3 $14
{White has a clear advantage, but Black can defend.}) 16. Qb3 {The most active
continuation.} Bxd5 ({As usual,} 16... O-O {is bad:} 17. hxg6 hxg6 18. exf5
Rxf5 (18... gxf5 19. Bg5 $16 {(/\Qh3).}) 19. Qxb7 $16) ({But} 16... O-O-O {
is also insufficient:} 17. h6 Bf8 ({or} 17... Bxd5 18. Rxd5 Bf6 19. f4 $16) 18.
f4 $16) 17. Qxd5 {Actually, here every taking on d5 is strong.} ({Probably,
the best is} 17. Rxd5 {the only important detail is where to go after} c6 ({If
} 17... O-O-O {then} 18. h6 Bf6 19. f4 $16) {the right move is} 18. Rd4 $1 (18.
Rd2 $2 fxe4 $13) 18... fxe4 ({or} 18... O-O-O 19. f4 Ng4 20. Bxg4 fxg4 21. e5
d5 22. c4 $16) 19. hxg6 $16 {White wins at least a pawn, and with 2 bishops it
must be just winning.}) 17... O-O-O {Obviously, White is positionally better,
but unfortunately for Black, White also has a concrete way to a big advantage.}
18. Bg5 $1 {Suddenly, every detail works for White. The Bg7 has not enough
space, the Ne5 falls under attack after f2-f4, Qd7 helps to attack the d6-pawn
because of the pin.} c6 $2 {The decisive mistake.} ({Of course,} 18... Rde8 $2
{is bad} {because of} 19. h6 Bf8 20. Bf6 $18) ({The only move is} 18... Rdf8 $1
{but anyway Black will face hard defense after} 19. h6 Bf6 20. Bxf6 Rxf6 21. f4
Ng4 ({or} 21... Nc6 22. e5 Re6 23. Bc4 $16) 22. e5 Re6 23. Rh3 $1 $16) 19. Qb3
$1 Rdf8 ({Or} 19... fxe4 20. h6 Bf8 21. Bf6 $18) 20. f4 $1 $18 {Black's
position collapses.} h6 ({If} 20... Ng4 {then} 21. e5 $18 {with the double
threat, h5-h6, and Rd6.}) 21. fxe5 hxg5 22. Rxd6 Qc7 23. Rhd1 $1 {(/\Rd7).
White has not only the material advantage, but also a strong initiative. The
rest is simple.} Rd8 24. hxg6 Kb8 25. Rxd8+ {This forces the simplificatons.}
Rxd8 26. Rxd8+ Qxd8 27. Bxa6 Qc7 28. Qxb7+ $5 Qxb7 29. Bxb7 Bxe5 ({The point
of the sacrifice is that after} 29... Kxb7 30. e6 Kc7 31. exf5 $18 {Black
needs two pieces to control White's e6- and g6-pawns, and no one can stop the
a-pawn.}) 30. Bxc6 {Now White has too many extra pawns!} Kc7 31. Bd5 Kd6 32. b4
g4 33. Kd2 f4 34. Ke2 Ke7 35. Bc6 Kf6 36. Bd7 Kxg6 37. Bxg4 Kf6 38. Kd3 {
Black was under the fire from the opening, and didn't survive. If 10.h4!
doesn't refute this line, than it surely poses serious problems.} 1-0